| 000 | 01205cas a2200361 a 4500 | ||
|---|---|---|---|
| 999 |
_c7477 _d7477 |
||
| 001 | 11142128 | ||
| 003 | GBCCL | ||
| 005 | 20241126110629.0 | ||
| 008 | 830628d1945199utnuar 0 0eng | ||
| 010 |
_a 45000437 _zsn 87027713 _zsn 79002586 |
||
| 035 | _a(OCoLC)ocm09650804 | ||
| 040 |
_aDLC _beng _cTM _dTM _dN _dDLC _dOCoLC |
||
| 042 |
_apcc _apremarc |
||
| 050 | 0 | 0 |
_aBV1520 _b.B725 |
| 082 | 0 | 0 |
_a268.61 _bBRO |
| 245 | 0 | 0 |
_aBroadman comments on the international Bible lessons for christian teaching. _pUniform series. |
| 246 | 3 | 0 | _aUniform series |
| 260 |
_aNashville, Tenn. : _bBroadman Press, _c[1944]- |
||
| 300 |
_avolumes ; _c19 cm |
||
| 310 | _aAnnual | ||
| 336 |
_atext _btxt _2rdacontent |
||
| 337 |
_aunmediated _bn _2rdamedia |
||
| 338 |
_avolume _bnc _2rdacarrier |
||
| 362 | 1 | _aBegan with 1945. | |
| 588 | _aDescription based on: 1959. | ||
| 590 | _aSERBIB/SERLOC merged record | ||
| 630 | 0 | 0 |
_aInternational Sunday school lessons _vPeriodicals. _9474 |
| 630 | 0 | 0 |
_aBible _xStudy and teaching _vPeriodicals. _913219 |
| 785 | 0 | 0 |
_tBroadman comments _w(DLC) 99111526 _w(OCoLC)31390284 |
| 906 |
_a7 _bcbc _cserials _du _encip _f19 _gn-oclcserc |
||
| 942 |
_2ddc _cBK |
||